Normal view
MARC view
- Marsden, Jerrold E
Entry Personal Name
001 - CONTROL NUMBER
- control field: 52081
003 - CONTROL NUMBER IDENTIFIER
- control field: NUST
005 - DATE AND TIME OF LATEST TRANSACTION
- control field: 20210419110701.0
008 - FIXED-LENGTH DATA ELEMENTS
- fixed length control field: 210419|| aca||aabn | a|a d
040 ## - CATALOGING SOURCE
- Original cataloging agency: NUST
- Transcribing agency: NUST
100 ## - HEADING--PERSONAL NAME
- Personal name: Marsden, Jerrold E
670 ## - SOURCE DATA FOUND
- Source citation: Work cat.: (NUST)232520: Chorin, Alexandre Joel. 52079, A mathematical introduction to fluid mechanics /, 1992.
